01140nam a2200193 a 450000100100000000500170001000800410002702000180006804000250008610000360011124502390014730000360038650001440042270000270056695201200059395201110071395201050082499900170092900003684520200930075955.0120202s2011 dr 000 0 spa d a9789945164640 aDO-SdBNPbspacBNPHU1 aPetrozziello, Allison J.96319310aFanm nan fwontyé, fanm toupatou :buna mirada a la violencia contra las mujeres migrantes haitianas, en tránsito y desplazadas en frontera dominico-haitiana(Elías Piña, Balladére) /cAllison J. Petrozziello, Bridget Wooding. a135 p. :bil., retrs. ;c29 cm. aInforme del estudio cualitativo encargado por la Colectiva Mujer y Salud y Mujeres del Mundo en el marco del proyecto Mujeres en Tránsito12aWooding, Bridget92231 001054708DSaGRbGRcCTd2012-02-02iLF1l0o p36845-30r2020-06-25te. 3w2020-06-25yLFDSZPréstamo en sala 0010718PDaPDbPDcCTd2012-02-02iLF1l0o p36845-10r2020-06-25te. 2w2020-06-25yLFPDZNo se presta 0010718PDaPDbPDcCTd2012-02-02iLF1l0o p36845-20r2020-06-25w2020-06-25yLFPDZNo se presta c36336d36336